000 00879nam a2200241 a 4500
003 BD-DhJNU
005 20260108090439.0
008 251108s2002 bg |||g |||| 000 1|ben|d
020 _a9788175220218 (Set)
040 _aBD-DhJNU
_bben
_cBD-DhJNU
_dBD-DhJNU
041 _aben
082 _a781.1 TAS
_223
100 _aঠাকুর, রবীন্দ্রনাথ
242 1 0 _aSvarabitan (Vol. 39-47) /
_cRabindranath Tagore
245 1 0 _aস্বরবিতান (৩৯-৪৭ খণ্ড) /
_cরবীন্দ্রনাথ ঠাকুর
246 _aSvarabitan
260 _aকলকাতা :
_bবিশ্বভারতী,
_c1935.
300 _aখণ্ড :
_c২৪ সেমি.।
490 _vখণ্ড : ৩৯-৪৭
650 _aসঙ্গীতের মূলনীতি
650 _aBasic Principles of Music
942 _cBK
999 _c2495
_d2495